Dance in a buffalo skull / by Zitkala-Sa ; ... Read More
Available copies
- 1 of 1 copy available at LARL/NWRL Consortium.
- 1 of 1 copy available at Lake Agassiz Regional Library. (Show preferred library)
Current holds
0 current holds with 1 total copy.
Show Only Available Copies
| Location | Call Number / Copy Notes | Barcode | Shelving Location | Status | Due Date |
|---|---|---|---|---|---|
| Fertile Public Library | J ZIT (Text) | 33500013292644 | Main | Available | - |
Record details
- ISBN: 9780977795529
- ISBN: 0977795527
- Physical Description: 1 volume (unpaged) : color illustrations ; 22 cm.
- Publisher: Pierre, S.D. : South Dakota State Historical Society Press, ©2007.
Content descriptions
| General Note: | MN American Indian literature. |
| Bibliography, etc. Note: | Includes bibliographical references. |
| Summary, etc.: | Because a group of young mice are too busy making ... Read More |
Search for related items by subject
| Subject: | Yankton Indians > Folklore. Tales > South Dakota. Folklore > South Dakota. American Indians > Lakota. Folktales > Lakota. Tales. South Dakota. |
| Genre: | Folklore. |
Search for related items by series
| LDR | 02200cam a22005174a 4500 | ||
|---|---|---|---|
| 001 | 351655 | ||
| 003 | LARL_NWRL_CONSORTIUM | ||
| 005 | 20200929171907.0 | ||
| 008 | 070405s2007 sdua j b 000 0 eng | ||
| 010 | . | ‡a 2007007099 | |
| 040 | . | ‡aDLC ‡beng ‡cDLC ‡dBTCTA ‡dYDXCP ‡dBAKER ‡dEHH ‡dVP@ ‡dTTS ‡dDAD ‡dBDX ‡dOCLCA ‡dP4I ‡dOCLCO ‡dOCLCQ ‡dGRR ‡dBYV ‡dOCLCF ‡dXZ9 ‡dOCLCA ‡dOCLCQ ‡dY38 | |
| 019 | . | ‡a990650896 ‡a1016078767 | |
| 020 | . | ‡a9780977795529 | |
| 020 | . | ‡a0977795527 | |
| 035 | . | ‡a(OCoLC)123232153 ‡z(OCoLC)990650896 ‡z(OCoLC)1016078767 | |
| 043 | . | ‡an-us-sd | |
| 082 | 0 | 0. | ‡a398.209783 ‡222 |
| 100 | 1 | . | ‡aZitkala-S̈a, ‡d1876-1938. ‡0(LARL_NWRL_CONSORTIUM)83407 |
| 245 | 1 | 0. | ‡aDance in a buffalo skull / ‡cby Zitkala-Sa ; illustrated by S.D. Nelson. |
| 260 | . | ‡aPierre, S.D. : ‡bSouth Dakota State Historical Society Press, ‡c©2007. | |
| 300 | . | ‡a1 volume (unpaged) : ‡bcolor illustrations ; ‡c22 cm. | |
| 336 | . | ‡atext ‡btxt ‡2rdacontent | |
| 337 | . | ‡aunmediated ‡bn ‡2rdamedia | |
| 338 | . | ‡avolume ‡bnc ‡2rdacarrier | |
| 490 | 0 | . | ‡aPrairie tale |
| 500 | . | ‡aMN American Indian literature. | |
| 504 | . | ‡aIncludes bibliographical references. | |
| 520 | 0 | . | ‡aBecause a group of young mice are too busy making merry to pay attention to their surroundings, they are almost eaten by a cat. |
| 650 | 0. | ‡aYankton Indians ‡xFolklore. | |
| 650 | 0. | ‡aTales ‡zSouth Dakota. | |
| 650 | 1. | ‡aFolklore ‡zSouth Dakota. | |
| 650 | 7. | ‡aAmerican Indians ‡xLakota. ‡2ericd | |
| 650 | 7. | ‡aFolktales ‡xLakota. ‡2ericd | |
| 650 | 7. | ‡aTales. ‡2fast ‡0(LARL_NWRL_CONSORTIUM)32367 | |
| 651 | 7. | ‡aSouth Dakota. ‡2fast ‡0(LARL_NWRL_CONSORTIUM)1798 | |
| 655 | 7. | ‡aFolklore. ‡2gsafd | |
| 700 | 1 | . | ‡aNelson, S. D., ‡eillustrator. ‡0(LARL_NWRL_CONSORTIUM)127987 |
| 776 | 0 | 8. | ‡iOnline version: ‡aZitkala-S̈a, 1876-1938. ‡tDance in a buffalo skull. ‡dPierre, S.D. : South Dakota State Historical Society Press, ©2007 ‡w(OCoLC)762199565 |
| 905 | . | ‡uvanderl | |
| 901 | . | ‡a351655 ‡b ‡c351655 ‡tbiblio ‡soclc | |

Add to basket
Permalink
Disable Highlighting